Wszystkie gminy w powiecie chojnickim - Statystyki

Ogólne statystyki
  • Ten quiz został rozwiązany 31 razy
  • Średni wynik to 7 z 9
Statystyki odpowiedzi
Gmina Odpowiedź % Poprawnych
Gmina Miejska Chojnice
100%
Gmina Wiejska Chojnice
100%
Gmina Miejsko-Wiejska Czersk
78%
Miasto Czersk
78%
Obszar Wiejski Czersk
78%
Gmina Miejsko-Wiejska Brusy
74%
MIasto Brusy
74%
Obszar Wiejski Brusy
74%
Gmina Wiejska Konarzyny
61%
Nie znaleziono quizów pasujących do podanych kryteriów
Rozkład punktacji
Procent ludzi z każdym wynikiem
Percentyl według liczby udzielonych odpowiedzi
Twoja historia wyników
Nie rozwiązałeś tego quizu